000 00506nam a2200169Ia 4500
008 240729s9999 xx 000 0 und d
022 _a1860-2010
245 0 _aConstructions
260 _aGermany
260 _bUniversity and State Library Düsseldorf
650 _a Language. Linguistic theory. Comparative grammar
650 _a Philology. Linguistics
650 _aLanguage and Literature
856 _uhttps://doaj.org/toc/0466f5598d2944a69539c6fa176b18c2
942 _2ddc
942 _cDOAJEJ
999 _c73584
_d73584
945 _a1
_bMadushi Gamage
_c1
_dMadushi Gamage